| 000 | 01071nam2a22002291 4500 | ||
|---|---|---|---|
| 001 | rc\624502 | ||
| 005 | 20250621222014.0 | ||
| 035 | _a(NLR Aleph) 005950567 | ||
| 090 |
_a6760900 _c6760900 |
||
| 100 | _a20031121d1986 |||y0rusy50 ca | ||
| 101 | 0 | _arus | |
| 102 | _aRU | ||
| 105 | _aa ||||||||| | ||
| 200 | 1 |
_a[Публикация сочинений Илариона _fПер. с древнерус. Т.А. Сумниковой] |
|
| 210 |
_d1986 _aБ. м. |
||
| 215 |
_a172 с. _cил., факс. |
||
| 461 | 0 |
_1001rc\624501 _12001#$aИдейно-философское наследие Илариона Киевского$e[Сб. ст.$eВ 2 ч.]$fАН СССР, Ин-т философии$g[Отв. ред. д. ф. н. А.А. Баженова]$vЧ. 1 _96760894 _cМ. _d1986 _fАН СССР, Ин-т философии _nБ. и. _o[Сб. ст. : В 2 ч.] _tИдейно-философское наследие Илариона Киевского _vЧ. 1 |
|
| 801 | 0 |
_aRU _bNLR _gpsbo |
|
| 801 | 1 |
_aRU _bELAR _2rusmarc |
|
| 852 |
_aNLR _j86-3/14310 |
||
| 942 | _cBOOK | ||
| 980 | _aNB | ||